000 00835nam a2200241Ia 4500
003 GCL
008 140319s9999 xx 000 0 ara d
040 _aGCL /
_cGCL
082 0 4 _a346.01
_bف د
100 1 _aفتحى حسن مصطفى
245 1 0 _aدعاوى الطلاق والطاعة للمسلمين وغير المسلمين معلقا عليها باحكام النقض الحديثة /
_cفتحى حسن مصطفى
260 _a[S.N] :
_bمنشاة المعارف
490 _aالكتب القانونية
_v0
650 0 4 _aالقانون
650 0 4 _aالطلاق
650 0 4 _aالنفقة
650 0 4 _aالاحوال الشخصية
650 0 4 _aالقانون المدنى
650 0 4 _aالقانون الخاص
650 0 4 _aالقانون المالى
650 0 4 _aالطاعة
942 _2ddc
_cBK
999 _c28044
_d28044